Cutting CO2 (Record no. 79503)

MARC details
000 -LEADER
fixed length control field 01041cab a22002055a 4500
001 - CONTROL NUMBER
control field L141476
008 - FIXED-LENGTH DATA ELEMENTS--GENERAL INFORMATION
fixed length control field 071127e20070920xxkd f 000 0 eng d
035 ## - SYSTEM CONTROL NUMBER
System control number (Sirsi) u141476
041 0# - LANGUAGE CODE
Language code of text/sound track or separate title eng
100 1# - MAIN ENTRY--PERSONAL NAME
Personal name Cole, Margo
245 00 - TITLE STATEMENT
Title Cutting CO2
Remainder of title are you in?
260 ## - PUBLICATION, DISTRIBUTION, ETC.
Date of publication, distribution, etc. 2007
490 #0 - SERIES STATEMENT
Series statement New Civil Engineer
Volume/sequential designation 20 September 2007, 26-28(3)
520 ## - SUMMARY, ETC.
Summary, etc. Outlines the findings of a survey which asked the UK's top consultants and contractors about their carbon footprint. The responses reveal that the construction industry is taking the sustainability agenda to heart, with both consultants and contractors embracing the concept of carbon measurement and reduction. Balfour Beatty, for example, measured a 27% reduction in its carbon footprint in four yeas and has pledged to cut an additional 10% off energy costs across the business.
590 ## - LOCAL NOTE (RLIN)
Local note KA
651 #4 - SUBJECT ADDED ENTRY--GEOGRAPHIC NAME
Geographic name United Kingdom
Chronological subdivision
690 ## - LOCAL SUBJECT ADDED ENTRY--TOPICAL TERM (OCLC, RLIN)
Topical term or geographic name as entry element BUILT ENVIRONMENT-SUSTAINABLE CONSTRUCTION
690 ## - LOCAL SUBJECT ADDED ENTRY--TOPICAL TERM (OCLC, RLIN)
Topical term or geographic name as entry element ENVIRONMENTAL AND LAND CONSULTANCY-ENERGY USE-ENERGY EFFICIENCY
942 ## - ADDED ENTRY ELEMENTS (KOHA)
Suppress in OPAC 0
Holdings
Withdrawn status Lost status Source of classification or shelving scheme Damaged status Not for loan Home library Current library Shelving location Date acquired Total Checkouts Full call number Barcode Date last seen Copy number Price effective from Koha item type
    Dewey Decimal Classification     London London Journal article 27/11/2007   L141476 141476-1001 06/08/2019 1 06/08/2019 Journal article